000
00264nam a2200085Ia 4500
245
0
_a
Are you normal about sex, love, and relationships?
100
_a
KANNER, Bernice New York, 2004 1st ed
_9
89480
942
_c
BK
008
210825s9999 xx 000 0 und d
999
_c
502638
_d
502637